Zrcadlo specifik zemědělství Zemědělské zákony

Príprava na prijatie poľnohospodárskeho zákona ČR. Otázka definovania typu poľnohospodárstva v ČR. Základné dôvody pre prijatie poľnohospodárskeho zákona. Obsah a informačná základňa zákona. Zelená správa v SRN.

Uložené v:
Podrobná bibliografia
Hlavný autor: Kraus, Josef
Médium: Kapitola
Jazyk:Czech
Predmet:
Tagy: Pridať tag
Žiadne tagy, Buďte prvý, kto otaguje tento záznam!

MARC

LEADER 00000naa a2200000 4500
001 r015633
005 20221213082151.8
041 0 |a cze 
044 |a CZ 
245 1 0 |a Zrcadlo specifik zemědělství  |b Zemědělské zákony  |c J. Kraus 
520 |a Príprava na prijatie poľnohospodárskeho zákona ČR. Otázka definovania typu poľnohospodárstva v ČR. Základné dôvody pre prijatie poľnohospodárskeho zákona. Obsah a informačná základňa zákona. Zelená správa v SRN. 
610 2 0 |a poľnohospodárstvo 
610 2 0 |a zákony 
610 2 0 |a Česko 
100 1 |a Kraus, Josef